000 00222nam a2200121Ia 4500
100 _a#N/A
650 _aGeneral
942 _cBK
654 _astart
245 _aStart Winning Today
260 _b#N/A
546 _aENGLISH
999 _c24785
_d24785